Demonyms of the World - Statistics

General Stats
  • This quiz has been taken 402 times
    360 since last reset
  • The average score is 133 of 196
Answer Stats
Country Nationality % Correct
Albania Albanian
96%
Algeria Algerian
95%
Afghanistan Afghan
94%
Australia Australian
94%
Armenia Armenian
93%
Austria Austrian
93%
Argentina Argentinian / Argentine
92%
Andorra Andorran
90%
Angola Angolan
89%
Brazil Brazilian
89%
Bolivia Bolivian
87%
Bosnia and Herzegovina Bosnian
87%
Bulgaria Bulgarian
87%
Canada Canadian
87%
China Chinese
87%
France French
87%
Germany German
87%
Greece Greek
87%
Croatia Croat / Croatian
86%
Egypt Egyptian
86%
India Indian
86%
Azerbaijan Azerbaijani / Azeri
85%
Dominica | Dominican Republic Dominican
85%
Estonia Estonian
85%
Finland Finnish
85%
Indonesia Indonesian
85%
Ireland Irish
85%
Italy Italian
85%
Japan Japanese
85%
Belgium Belgian
84%
Cambodia Cambodian
84%
Colombia Colombian
84%
Ethiopia Ethiopian
84%
Georgia Georgian
84%
Latvia Latvian
84%
Cuba Cuban
83%
Czech Republic Czech
83%
Hungary Hungarian
83%
Israel Israeli
83%
Mexico Mexican
83%
Antigua and Barbuda Antiguan / Barbudan
82%
Iran Iranian
82%
Iraq Iraqi
82%
Kenya Kenyan
82%
Malaysia Malaysian
82%
Nigeria Nigerian
82%
Russia Russian
82%
Denmark Danish
81%
Gambia Gambian
81%
Jamaica Jamaican
81%
Libya Libyan
81%
Lithuania Lithuanian
81%
Belarus Belarusian / Belarusan
80%
Costa Rica Costa Rican
80%
Haiti Haitian
80%
Macedonia Macedonian
80%
Bahrain Bahraini
79%
Bangladesh Bangladeshi
79%
Guinea | Guinea-Bissau Guinean
79%
Liberia Liberian
79%
North Korea North Korean
79%
Poland Polish
79%
South Korea South Korean
79%
Iceland Icelandic
78%
Kazakhstan Kazakh / Kazakhstani
78%
Mongolia Mongolian
78%
Nepal Nepali / Nepalese
78%
Pakistan Pakistani
78%
Romania Romanian
78%
Spain Spanish
78%
Chile Chilean
77%
Netherlands Dutch / Netherlandic
77%
Ecuador Ecuadorian
77%
Eritrea Eritrean
77%
Fiji Fijian
77%
Lebanon Lebanese
77%
Fed. States of Micronesia Micronesian
77%
Serbia Serb / Serbian
77%
Slovakia Slovak
77%
Namibia Namibian
76%
Slovenia Slovene / Slovenian
76%
Sweden Swedish
76%
United States American
75%
Jordan Jordanian
75%
Kuwait Kuwaiti
75%
Laos Lao / Laotian
75%
Moldova Moldovan
75%
Morocco Moroccan
75%
Norway Norwegian
75%
Syria Syrian
75%
Thailand Thai
75%
Turkey Turkish
74%
Saudi Arabia Saudi Arabian / Saudi
73%
Somalia Somali / Somalian
73%
Burma Burmese
71%
Chad Chadian
71%
Gabon Gabonese
71%
Guatemala Guatemalan
71%
Kyrgyzstan Kyrgyz
71%
Mali Malian / Malinese
71%
Oman Omani
71%
Portugal Portuguese
71%
Samoa Samoan
71%
South Africa South African
71%
Switzerland Swiss
71%
Bhutan Bhutanese
70%
United Kingdom British
70%
Taiwan Taiwanese
70%
Tanzania Tanzanian
70%
Ukraine Ukrainian
70%
Vietnam Vietnamese
70%
Kiribati I-Kiribati
69%
Malawi Malawian
69%
Malta Maltese
69%
Mauritania Mauritanian
69%
Sudan Sudanese
69%
Qatar Qatari
68%
Tunisia Tunisian
68%
Cameroon Cameroonian
67%
Nicaragua Nicaraguan
67%
Tajikistan Tajik / Tadjik
67%
Uzbekistan Uzbek / Uzbekistani
67%
Rwanda Rwandan
66%
Turkmenistan Turkmen / Turkoman
66%
Zambia Zambian
66%
Burundi Burundian
65%
Peru Peruvian
65%
Singapore Singapore / Singaporean
65%
South Sudan South Sudanese
65%
Tonga Tongan
65%
Bahamas Bahamian
64%
Grenada Grenadian
64%
Sri Lanka Sri Lankan
64%
Guyana Guyanese
63%
Brunei Bruneian
62%
Liechtenstein Liechtenstein
62%
Paraguay Paraguayan
62%
Uganda Ugandan
62%
Venezuela Venezuelan
62%
Yemen Yemeni
62%
D. R. Congo | Rep. of the Congo Congolese
61%
Barbados Barbadian
60%
Senegal Senegalese
60%
Vatican City Vatican
60%
Djibouti Djiboutian
59%
Maldives Maldivian
59%
Honduras Honduran
58%
Swaziland Swazi
58%
Kosovo Kosovar / Kosovan
57%
New Zealand New Zealander
55%
Suriname Surinamese
55%
Botswana Botswanan
54%
Cyprus Cypriot
54%
Monaco Monégasque / Monacan
54%
Benin Beninese / Beninois
53%
Luxembourg Luxembourgish
53%
Mauritius Mauritian
53%
Nauru Nauruan
53%
Uruguay Uruguayan
53%
Papua New Guinea Papua New Guinean / Papuan
52%
Equatorial Guinea Equatorial Guinean / Equatoguinean
50%
Palau Palauan
50%
Marshall Islands Marshallese
49%
Central African Republic Central African
48%
East Timor Timorese
48%
Tuvalu Tuvaluan
47%
Trinidad and Tobago Trinidadian / Tobagonian
45%
Belize Belizean
44%
Madagascar Malagasy / Madagascan
44%
Panama Panamanian
44%
Vanuatu Vanuatuan
44%
United Arab Emirates Emirati / Emirian / Emiri
42%
Montenegro Montenegrin
42%
Zimbabwe Zimbabwean
42%
El Salvador Salvadoran
39%
Ghana Ghanaian
38%
Côte d'Ivoire Ivorian / Ivoirian
38%
Comoros Comorian
37%
Philippines Philippine
35%
Cape Verde Cape Verdean
33%
Togo Togolese
30%
Sierra Leone Sierra Leonean
27%
Solomon Islands Solomon Islander
25%
São Tomé and Príncipe São Toméan
24%
St. Lucia Saint Lucian
23%
St. Vincent and the Grenadines Saint Vincentian / Vincentian
23%
Seychelles Seychellois
22%
St. Kitts and Nevis Kittitian / Nevisian
21%
Mozambique Mozambican
20%
Niger Nigerien
19%
Burkina Faso Burkinabe
17%
San Marino Sammarinese
15%
Lesotho Basotho
10%
No matching quizzes found
Score Distribution
Percent of People with Each Score
Percentile by Number Answered
Your Score History
You have not taken this quiz since the last reset